000
00281nam a22001217a 4500
040
_c
HS
082
_a
333 DEV 1997 C085
100
_a
DEVILLE ADRIAN
245
_a
Applying the precautionary principle
260
_a
Australia
_b
DEVILLE ADRIAN
_c
1997
300
_a
79p;
942
_c
EK
999
_c
11052
_d
11052